000 00636nam a2200217Ia 4500
003 OSt
005 20251209145737.0
008 210210b1983 xxu||||| |||| 00| 0 eng d
040 _cAL
041 _aKonkani
082 _a891.463 DISS
100 _aEdvin J F Disoja
_9155938
110 _aಎಡ್ವಿನ್ ಜೆ ಎಫ್ ಡಿಸೋಜಾ
_9248487
245 _aShetantlin fulan Part 1
_b: ಶೆತಾಂತ್ಲಿ ಫುಲಾಂ -1
260 _aManglur
_bPunav Prakashan.,
_c1983
300 _a196p
650 _aEdwin J F Dsouza
_9155939
690 _aKonkani Fiction
_9155940
906 _a049939
942 _2ddc
_cBK
999 _c98869
_d98869